00669 2200217 4500001002100000005001700021008004100038035002500079082001100104090001800115100002900133245012800162250001100290260003100301300002300332650002800355700002100383700001900404850001200423990001600435YOGYA-0209000000931220150428095315.0 ind  a0010-020900000009312 a297.30 a297.30bSal U aSALMAN BIN FAHD AL-AUDAH aUrgensi Amar Maruf nahi mungkarcSalman bin Fahd Al Audah ; penerjemah, Ummu Udzma Azmil ; editor, Ayip Syahuddin Soeratman aCet. 1 aSolobPustaka Mantiqc1996 a146 hlm. ;c20 cm. aIslam - Pahala dan dosa aAzmi, Ummu Udzma aSuratman, Ayip aYOPDYOG a117764-P/98